Normal view MARC view
  • Educación clásica

Entry Materia

Number of records used in: 25

001 - NÚMERO DE CONTROL DEL REGISTRO

  • campo de control: 16408

003 - IDENTIFICADOR DE NUMERO DE CONTROL

  • campo de control: MX-MxUPN

005 - FECHA Y HORA DE LA ÚLTIMA TRANSACCIÓN

  • campo de control: 20240516134720.0

008 - DATOS DE LONGITUD FIJA

  • campo de control de longitud fija: 240516 a aaaaaaaaa a aaa d

010 ## - NÚMERO DE CONTROL DE LA BIBLIOTECA DEL CONGRESO (LC)

  • LC control number: sh 85026700

035 ## - NÚMERO DE CONTROL DEL SISTEMA

  • Número de control del sistema: UPN10000016416

040 ## - FUENTE DE LA CATALOGACIÓN

  • Centro catalogador de origen: DLC
  • Lengua de catalogación: spa
  • Agencia de transcripción: MX-MxUPN

150 ## - ENCABEZAMIENTO - TEMÁTICO

  • Término de materia o nombre geográfico como elemento inicial: Educación clásica

450 #0 - VÉASE - MATERIA

  • Encabezamiento temático: Classical education

550 ## - VÉASE ADEMÁS - MATERIA

  • Subcampo de control: g
  • Encabezamiento temático o nombre geográfico como elemento de entrada: Educación

550 ## - VÉASE ADEMÁS - MATERIA

  • Encabezamiento temático o nombre geográfico como elemento de entrada: Educación humanística

550 ## - VÉASE ADEMÁS - MATERIA

  • Encabezamiento temático o nombre geográfico como elemento de entrada: Humanismo

550 ## - VÉASE ADEMÁS - MATERIA

  • Encabezamiento temático o nombre geográfico como elemento de entrada: Humanidades

670 ## - FUENTE EN LA QUE SE LOCALIZARON DATOS

  • Cita de la fuente: Biblioteca del Congreso (Estados Unidos), 01 abril 2010
  • Información localizada: Catálogo electrónico (Classical education)

670 ## - FUENTE EN LA QUE SE LOCALIZARON DATOS

  • Cita de la fuente: LEMB, 1998:
  • Información localizada: página 365 (Educación clásica)

680 ## - NOTA GENERAL CON DESPLIEGUE PÚBLICO

  • Texto explicativo: Aquí se asientan las obras sobre el estudio del griego y el latín, tanto en el idioma como en la literatura. Los trabajos limitados a un aspecto específico de la educación clásica, se ansentarán bajo el tema específico, por ejemplo,
  • Encabezamiento: Griego - Estudio y enseñanza

680 ## - NOTA GENERAL CON DESPLIEGUE PÚBLICO

  • Texto explicativo: Aquí se asientan las obras que tratan de la educación clásica en general, su historia y su importancia, en contraposición con los estudios científicos. Los tratados sobre el estudio de la lengua griega y de la literatura y lengua latinas en las escuelas y universidades se asientan bajo
  • Encabezamiento: GRIEGO - ESTUDIO Y ENSEÑANZA ; LATIN - ESTUDIO Y ENSEÑANZA ; LITERATURA GRIEGA - ESTUDIO Y ENSEÑANZA ; LITERATURA LATINA - ESTUDIO Y ENSEÑANZA

750 #0 - ASIENTO LIGADO AL ENCABEZAMIENTO - TÉRMINO TEMÁTICO

  • Encabezamiento temático: Classical education
  • Número de control del registro: sh 85026700

902 ## - CATALOGADOR

  • Catalogador: BDV/BDV/OGM

902 ## - CATALOGADOR

  • Catalogador: MMA/281096